Gaming Quiz

Random Gaming or Pokémon Quiz

Pokemon Pinball Ruby/Sapphire Pokemon Locations Quiz Stats

 Plays Quiz not verified by Sporcle

Support Sporcle.
Go Orange.
Score 0/155 Timer 10:00
0 Plays Today
Pokemon Location % Correct
Petalburg Forest - Ruby Board???
90.2%
Petalburg Forest - Ruby Board???
90.2%
Safari Zone - Ruby Board???
90.2%
Petalburg Forest - Sapphire Board???
90.2%
Petalburg Forest - Sapphire Board???
90.2%
Caught from Egg???
90.2%
Granite Cave - Ruby Board???
87.8%
Petalburg Forest - Ruby Board???
87.8%
Petalburg Forest - Ruby Board???
87.8%
Petalburg Forest - Ruby Board???
87.8%
Mt. Chimney - Ruby Board???
87.8%
Mt. Chimney - Ruby Board???
87.8%
Plains - Ruby Board???
87.8%
Plains - Ruby Board???
87.8%
Ruins - Ruby Board???
87.8%
Ruins - Ruby Board???
87.8%
Ruins - Ruby Board???
87.8%
>1% of Appearing - Ruby Board???
87.8%
Granite Cave - Sapphire Board???
87.8%
Petalburg Forest - Sapphire Board???
87.8%
Petalburg Forest - Sapphire Board???
87.8%
Plains - Sapphire Board???
87.8%
Plains - Sapphire Board???
87.8%
>1% of Appearing - Sapphire Board???
87.8%
Ruins - Sapphire Board???
87.8%
Ruins - Sapphire Board???
87.8%
Ruins - Sapphire Board???
87.8%
Lake - Sapphire Board???
87.8%
Desert - Sapphire Board???
87.8%
Bonus Stage - Ruby Board???
87.8%
Bonus Stage - Ruby Board???
87.8%
Bonus Stage - Sapphire Board???
87.8%
Bonus Stage - Sapphire Board???
87.8%
Caught from Egg???
87.8%
Caught from Egg???
87.8%
Caught from Egg???
87.8%
Caught from Egg???
87.8%
Caught from Egg???
87.8%
Caught from Egg???
87.8%
Caught from Egg???
87.8%
Granite Cave - Ruby Board???
85.4%
Granite Cave - Ruby Board???
85.4%
Granite Cave - Ruby Board???
85.4%
Petalburg Forest - Ruby Board???
85.4%
Safari Zone - Ruby Board???
85.4%
Lilycove City - Ruby Board???
85.4%
Lilycove City - Ruby Board???
85.4%
Plains - Ruby Board???
85.4%
Plains - Ruby Board???
85.4%
Ruins - Ruby Board???
85.4%
Granite Cave - Sapphire Board???
85.4%
Granite Cave - Sapphire Board???
85.4%
Pokemon Location % Correct
Granite Cave - Sapphire Board???
85.4%
Petalburg Forest - Sapphire Board???
85.4%
Plains - Sapphire Board???
85.4%
Plains - Sapphire Board???
85.4%
Ruins - Sapphire Board???
85.4%
Lake - Sapphire Board???
85.4%
Lake - Sapphire Board???
85.4%
Lake - Sapphire Board???
85.4%
Beach - Sapphire Board???
85.4%
Beach - Sapphire Board???
85.4%
Desert - Sapphire Board???
85.4%
Desert - Sapphire Board???
85.4%
Caught from Egg???
85.4%
Caught from Egg???
85.4%
Caught from Egg???
85.4%
Caught from Egg???
85.4%
Caught from Egg???
85.4%
Caught from Egg???
85.4%
Caught from Egg???
85.4%
Caught from Egg???
85.4%
Granite Cave - Ruby Board???
82.9%
Granite Cave - Ruby Board???
82.9%
Safari Zone - Ruby Board???
82.9%
Lilycove City - Ruby Board???
82.9%
Lilycove City - Ruby Board???
82.9%
Plains - Ruby Board???
82.9%
Plains - Ruby Board???
82.9%
Plains - Ruby Board???
82.9%
Ruins - Ruby Board???
82.9%
Granite Cave - Sapphire Board???
82.9%
Granite Cave - Sapphire Board???
82.9%
Plains - Sapphire Board???
82.9%
Plains - Sapphire Board???
82.9%
Plains - Sapphire Board???
82.9%
Ruins - Sapphire Board???
82.9%
Lake - Sapphire Board???
82.9%
Beach - Sapphire Board???
82.9%
Beach - Sapphire Board???
82.9%
Beach - Sapphire Board???
82.9%
Desert - Sapphire Board???
82.9%
Desert - Sapphire Board???
82.9%
Caught from Egg???
82.9%
Caught from Egg???
82.9%
Caught from Egg???
82.9%
Caught from Egg???
82.9%
Caught from Egg???
82.9%
Caught from Egg???
82.4%
Safari Zone - Ruby Board???
80.5%
Mt. Chimney - Ruby Board???
80.5%
Lilycove City - Ruby Board???
80.5%
Lilycove City - Ruby Board???
80.5%
Granite Cave - Sapphire Board???
80.5%
Pokemon Location % Correct
Petalburg Forest - Sapphire Board???
80.5%
Beach - Sapphire Board???
80.5%
Beach - Sapphire Board???
80.5%
Desert - Sapphire Board???
80.5%
Caught from Egg???
80.5%
Granite Cave - Ruby Board???
78%
Granite Cave - Ruby Board???
78%
Safari Zone - Ruby Board???
78%
Plains - Ruby Board???
78%
Plains - Ruby Board???
78%
Granite Cave - Sapphire Board???
78%
Plains - Sapphire Board???
78%
Plains - Sapphire Board???
78%
Lake - Sapphire Board???
78%
Granite Cave - Ruby Board???
75.6%
Petalburg Forest - Ruby Board???
75.6%
Mt. Chimney - Ruby Board???
75.6%
Mt. Chimney - Ruby Board???
75.6%
Granite Cave - Sapphire Board???
75.6%
Petalburg Forest - Sapphire Board???
75.6%
Caught from Egg???
75.6%
Caught from Egg???
75.6%
Caught from Egg???
75.6%
Safari Zone - Ruby Board???
73.2%
Mt. Chimney - Ruby Board???
73.2%
Plains - Ruby Board???
73.2%
Plains - Sapphire Board???
73.2%
Lake - Sapphire Board???
73.2%
Desert - Sapphire Board???
73.2%
Caught from Egg???
73.2%
Caught from Egg???
73.2%
Safari Zone - Ruby Board???
70.7%
Plains - Ruby Board???
70.7%
Plains - Sapphire Board???
70.7%
Lake - Sapphire Board???
70.7%
Safari Zone - Ruby Board???
68.3%
Plains - Ruby Board???
68.3%
Plains - Sapphire Board???
68.3%
Caught from Egg???
68.3%
Mt. Chimney - Ruby Board???
65.9%
>1% of Appearing - Ruby Board???
65.9%
>1% of Appearing - Ruby Board???
65.9%
>1% of Appearing - Ruby Board???
65.9%
>1% of Appearing - Ruby Board???
65.9%
Caught from Egg???
65.9%
Safari Zone - Ruby Board???
63.4%
Lilycove City - Ruby Board???
63.4%
Caught from Egg???
63.4%
Lilycove City - Ruby Board???
58.5%
Beach - Sapphire Board???
58.5%
Caught from Egg???
51.2%

You're not logged in!

Compare scores with friends on all Sporcle quizzes.
OR
Log In

From the Vault

LogiCrossword: The Simpsons

by El_Dandy

We're just sticking to the main family members here. Sorry, other Springfielders.
Remove Ads.
Support Sporcle.
Get the best of Sporcle when you Go Orange. This ad-free experience offers more features, more stats, and more fun while also helping to support Sporcle. Thank you for becoming a member.

Show Comments

Extras

Top Quizzes Today


Score Distribution

Your Account Isn't Verified!

In order to create a playlist on Sporcle, you need to verify the email address you used during registration. Go to your Sporcle Settings to finish the process.

Report this User

Report this user for behavior that violates our Community Guidelines.

Details: